The world directory of multinational enterprises

Bibliographic Details
Main Authors: Stopford, John M. (Author), Dunning, John H. (Author), Haberich, Klaus O. (Author)
Format: Book
Language:English
Published: New York : Facts on file, Inc. 1980
Subjects:

MARC

LEADER 00000cam a2200000 7i4500
001 0000004108
005 20240930.0
008 240624 nyu eng
020 |a 0871964406 (volume 1) 
020 |a 0871964414 (volume 2) 
040 |a INS   |b eng   |e rda 
090 0 0 |a RHD2755.5   |b .S843 1980 
100 1 |a Stopford, John M. ,   |e author 
245 1 4 |a The world directory of multinational enterprises   |c John M. Stopford, John H. Dunning, Klaus O. Haberich 
264 4 |a New York :   |b Facts on file, Inc.   |c 1980 
300 |a 1 v. (various pagings) ;   |c 29 cm. 
336 |a text  |2 rdacontent 
337 |a unmediated  |2 rdamedia 
338 |a volume  |2 rdacarrier 
500 |a Library has Vol. 1-2 
650 0 |a International business enterprises   |x directories 
650 0 |a Investments Foreign   |x Directories 
700 1 |a Dunning, John H. ,   |e author 
700 1 |a Haberich, Klaus O. ,   |e author 
999 |a 0000002017   |b BOOK   |c Reference   |e Default branch 
999 |a 0000002018   |b BOOK   |c Reference   |e Default branch